000 00713nam a22002057a 4500
999 _c182577
_d182577
005 20220216113403.0
010 _aENG-130125
020 _a978-81-8171-472-5
_c1150.00
035 _aEN-113657
037 _bDBAD/PUB
082 _a591.95482
245 _aFauna Of Kanyakumari Wildlife Sanctuary Tamil Nadu:
_cEdited by The Director, Zoological Survey of India
250 _a2017
260 _aNew Alipore
_bThe Director, Zool. Surv. India
_c2017
270 _aM-Block
_bNew Alipore
_e700053
300 _a324p.
_c24cm (pbk)
_bIllustrations of Fauna of Kanyakumari Wildlife Sanctuary
500 _aConservation Area Series, 58
700 _aThe Director
942 _2ddc
_cEN
_h591.95482
_mFAU